Introductory mathematics analysis : for business, economics and life and social sciences (Record no. 84784)

MARC details
000 -LEADER
fixed length control field 00810nam a22002537a 4500
003 - CONTROL NUMBER IDENTIFIER
control field CBULib
005 - DATE AND TIME OF LATEST TRANSACTION
control field 20240409104738.0
008 - FIXED-LENGTH DATA ELEMENTS--GENERAL INFORMATION
fixed length control field 240409b |||||||| |||| 00| 0 eng d
020 ## - INTERNATIONAL STANDARD BOOK NUMBER
International Standard Book Number 9780321643889
040 ## - CATALOGING SOURCE
Language of cataloging English
Transcribing agency CBULib
Description conventions rda
041 ## - LANGUAGE CODE
Language code of text/sound track or separate title eng
050 ## - LIBRARY OF CONGRESS CALL NUMBER
Classification number QA 300 Hae
100 ## - MAIN ENTRY--PERSONAL NAME
9 (RLIN) 2651
Personal name Haeussler, Ernest F
245 ## - TITLE STATEMENT
Title Introductory mathematics analysis : for business, economics and life and social sciences
Statement of responsibility, etc / by Enerst F. Haeussler
250 ## - EDITION STATEMENT
Edition statement Thirteenth edition
260 ## - PUBLICATION, DISTRIBUTION, ETC. (IMPRINT)
Place of publication, distribution, etc Boston :
Name of publisher, distributor, etc Pearson Education,
Date of publication, distribution, etc 2011
300 ## - PHYSICAL DESCRIPTION
Extent xvii, 811 pages : illustrations
336 ## - CONTENT TYPE
Source rdacontent
Content type term Text |
Content type code txt
337 ## - MEDIA TYPE
Source rdamedia
Media type term Unmediated |
Media type code n
338 ## - CARRIER TYPE
Source rdacarrier
Carrier type term Volume
Carrier type code nc
650 #0 - SUBJECT ADDED ENTRY--TOPICAL TERM
9 (RLIN) 2652
Topical term following geographic name as entry element BUSINESS MATHEMATICS
700 ## - ADDED ENTRY--PERSONAL NAME
9 (RLIN) 2653
Personal name Paul, Richard S.
942 ## - ADDED ENTRY ELEMENTS (KOHA)
Source of classification or shelving scheme
Koha item type MONOGRAPH
Holdings
Withdrawn status Lost status Source of classification or shelving scheme Damaged status Not for loan Collection code Permanent Location Current Location Shelving location Date acquired Total Checkouts Full call number Barcode Date last seen Date checked out Price effective from Koha item type
          Main Library Open Access Collection CBU-MAIN LIBRARY, KITWE. CBU-MAIN LIBRARY, KITWE. Short loan collection 04/09/2024 4 QA 300 Hae 741447 01/21/2026 01/21/2026 04/09/2024 SHORT LOAN COLLECTION